|
|
|
|
| LEADER |
00000naa2a2200000 4500 |
| 001 |
384491 |
| 005 |
20231101063243.0 |
| 035 |
|
|
|a (RuTPU)RU\TPU\prd\11166
|
| 090 |
|
|
|a 384491
|
| 100 |
|
|
|a 20030303a2003 k y0rusy50 ca
|
| 101 |
0 |
|
|a rus
|
| 102 |
|
|
|a RU
|
| 200 |
1 |
|
|a Модификация свойств неорганических кристаллов введение примесей сложных огранических молекул
|f Б. А. Струков, С. В. Грабовский, Т. В. Павловская, И. В. Шнайдштейн
|
| 225 |
1 |
|
|a Физика
|
| 320 |
|
|
|a Библиогр.: 24 назв.
|
| 461 |
|
1 |
|0 (RuTPU)RU\TPU\prd\1139
|t Наукоемкие технологии
|o научно-технический журнал
|d 2001-
|
| 463 |
|
1 |
|0 (RuTPU)RU\TPU\prd\10972
|t № 1
|v С. 8-18
|d 2003
|
| 610 |
1 |
|
|a неорганические кристаллы
|
| 610 |
1 |
|
|a органические молекулы
|
| 610 |
1 |
|
|a органические красители
|
| 610 |
1 |
|
|a примеси
|
| 610 |
1 |
|
|a диэлектрические свойства
|
| 610 |
1 |
|
|a модификация
|
| 675 |
|
|
|a 537.226
|v 3
|
| 701 |
|
1 |
|a Струков
|b Б. А.
|
| 701 |
|
1 |
|a Грабовский
|b С. В.
|
| 701 |
|
1 |
|a Павловская
|b Т. В.
|
| 701 |
|
1 |
|a Шнайдштейн
|b И. В.
|
| 801 |
|
1 |
|a RU
|b 63413507
|c 20030303
|g PSBO
|
| 942 |
|
|
|c BK
|